<?xml version="1.0" encoding="UTF-8"?>
<record
    xmlns:xsi="http://www.w3.org/2001/XMLSchema-instance"
    xsi:schemaLocation="http://www.loc.gov/MARC21/slim http://www.loc.gov/standards/marcxml/schema/MARC21slim.xsd"
    xmlns="http://www.loc.gov/MARC21/slim">

  <leader>00984nam a22002417a 4500</leader>
  <controlfield tag="005">20240530110349.0</controlfield>
  <controlfield tag="008">141215s2008    ua o   g      000 0cara d</controlfield>
  <datafield tag="017" ind1=" " ind2=" ">
    <subfield code="a">2806/1996</subfield>
    <subfield code="b">&#x645;&#x635;&#x631; . &#x62F;&#x627;&#x631; &#x627;&#x644;&#x643;&#x62A;&#x628; &#x627;&#x644;&#x645;&#x635;&#x631;&#x64A;&#x629;</subfield>
  </datafield>
  <datafield tag="020" ind1=" " ind2=" ">
    <subfield code="a">9771008161</subfield>
  </datafield>
  <datafield tag="040" ind1=" " ind2=" ">
    <subfield code="a">EG-CaGPL</subfield>
  </datafield>
  <datafield tag="041" ind1="0" ind2=" ">
    <subfield code="a">ara</subfield>
  </datafield>
  <datafield tag="082" ind1="0" ind2="4">
    <subfield code="2">21</subfield>
    <subfield code="a">925.4\ </subfield>
    <subfield code="b">&#x639; &#x631;</subfield>
  </datafield>
  <datafield tag="100" ind1="0" ind2=" ">
    <subfield code="a">&#x639;&#x627;&#x62F;&#x644; &#x637;&#x647; &#x64A;&#x648;&#x646;&#x633;</subfield>
  </datafield>
  <datafield tag="245" ind1="1" ind2="0">
    <subfield code="a">&#x631;&#x648;&#x627;&#x62F; &#x627;&#x644;&#x639;&#x644;&#x645; &#x627;&#x644;&#x62D;&#x627;&#x626;&#x632;&#x648;&#x646; &#x644;&#x62C;&#x627;&#x626;&#x632;&#x629; &#x646;&#x648;&#x628;&#x644; 1901 - 2006 &#x641;&#x649; &#x627;&#x644;&#x643;&#x64A;&#x645;&#x64A;&#x627;&#x621; :</subfield>
    <subfield code="b">&#x645;&#x639; &#x646;&#x628;&#x630;&#x629; &#x639;&#x646; &#x627;&#x644;&#x643;&#x64A;&#x645;&#x64A;&#x627;&#x621; &#x648;&#x62C;&#x648;&#x627;&#x626;&#x632; &#x646;&#x648;&#x628;&#x644; &#x641;&#x649; &#x627;&#x644;&#x643;&#x64A;&#x645;&#x64A;&#x627;&#x621; /</subfield>
    <subfield code="c">&#x639;&#x627;&#x62F;&#x644; &#x637;&#x647; &#x64A;&#x648;&#x646;&#x633;</subfield>
  </datafield>
  <datafield tag="260" ind1=" " ind2=" ">
    <subfield code="a">&#x627;&#x644;&#x642;&#x627;&#x647;&#x631;&#x629; : </subfield>
    <subfield code="b">&#x62F;&#x627;&#x631; &#x627;&#x644;&#x641;&#x643;&#x631; &#x627;&#x644;&#x639;&#x631;&#x628;&#x649; &#x60C;</subfield>
    <subfield code="c">2008</subfield>
  </datafield>
  <datafield tag="300" ind1=" " ind2=" ">
    <subfield code="a">315 &#x635; &#x61B;</subfield>
    <subfield code="c">24 &#x633;&#x645;</subfield>
  </datafield>
  <datafield tag="490" ind1="0" ind2=" ">
    <subfield code="a">&#x633;&#x644;&#x633;&#x644;&#x629; &#x631;&#x648;&#x627;&#x62F; &#x627;&#x644;&#x639;&#x644;&#x645; &#x627;&#x644;&#x62D;&#x627;&#x626;&#x632;&#x64A;&#x646; &#x644;&#x62C;&#x627;&#x626;&#x632;&#x629; &#x646;&#x648;&#x628;&#x644;</subfield>
  </datafield>
  <datafield tag="650" ind1="0" ind2="4">
    <subfield code="a">&#x62C;&#x627;&#x626;&#x632;&#x647; &#x646;&#x648;&#x628;&#x644;</subfield>
  </datafield>
  <datafield tag="650" ind1="0" ind2="4">
    <subfield code="a">&#x627;&#x644;&#x643;&#x64A;&#x645;&#x64A;&#x627;&#x621; </subfield>
    <subfield code="x">&#x62A;&#x627;&#x631;&#x64A;&#x62E;</subfield>
  </datafield>
  <datafield tag="650" ind1="0" ind2="4">
    <subfield code="a">&#x62C;&#x627;&#x626;&#x632;&#x629; &#x646;&#x648;&#x628;&#x644; &#x641;&#x649; &#x627;&#x644;&#x643;&#x64A;&#x645;&#x64A;&#x627;&#x621;</subfield>
  </datafield>
  <datafield tag="942" ind1=" " ind2=" ">
    <subfield code="2">ddc</subfield>
    <subfield code="c">BK</subfield>
  </datafield>
  <datafield tag="999" ind1=" " ind2=" ">
    <subfield code="c">60037</subfield>
    <subfield code="d">60037</subfield>
  </datafield>
  <datafield tag="952" ind1=" " ind2=" ">
    <subfield code="0">0</subfield>
    <subfield code="1">0</subfield>
    <subfield code="4">0</subfield>
    <subfield code="7">0</subfield>
    <subfield code="a">CAI</subfield>
    <subfield code="b">CAI</subfield>
    <subfield code="d">2014-12-15</subfield>
    <subfield code="l">0</subfield>
    <subfield code="o">925.4\  &#x639; &#x631;</subfield>
    <subfield code="p">159017</subfield>
    <subfield code="r">2014-12-15 00:00:00</subfield>
    <subfield code="w">2014-12-15</subfield>
    <subfield code="y">BK</subfield>
  </datafield>
</record>
